00625nam a2200169Ia 4500008004100000020001800041082001800059100002700077245007200104260004100176300001100217500002700228650005100255700004000306952009200346999001700438120622s9999 xx 000 0 und d a968-15-0707-X a320.014 B139g aBaena Paz, Guillermina aGuía del estratega político / Guillermina Baena, Sergio Montero aMéxico : Editores Mexicanos Unidos a143 p. aIncluye bibliografía a1. TACTICAS POLITICAS \ 2. PROPAGANDA POLITICA aMontero Olivares, Sergio, coaut.Ì 00104070a01b01d2007-01-25l0o320.014 B139Gp01 002179r2012-06-24w2012-06-24yLB c56085d56085